Регионална библиотека "Любен Каравелов" - Русе

Пекни, пекни, слънце (Запис номер 148842)

MARC детайли
000 -Лидер
Контролно поле с фиксирана дължина 01513nam a2200349 c 4500
003 - Код на организацията, давaща контролен номер
Контролно поле BLK
005 - Дата и час на последна редакция
Контролно поле 20180422112854.0
008 - Елементи от данни с фиксирана дължина
fixed length control field 180410b bul|||||r ||||||| ||bul||
010 ## - Наследен системен номер
LC control number KNG00155070000
040 ## - Източник на каталожния запис
Идентификатор на билиотеката - собственик на записа BLK
041 ## - Код за език
Код за езика на текст/звукозапис или на отделно заглавие Български
Код за езика КДБФ Български
080 ## - УДК
Текстов определител УДК
УДК код - определител по УДК 793.4/.9
УДК определител
УДК - код + определител 793.4/.9
080 ## - УДК
Текстов определител УДК Издания за деца и юноши. Книжки-картинки. Читанки. Вж и 372.4
УДК код - определител по УДК 087.5
УДК определител
УДК - код + определител 087.5
100 1# - Редна дума - Автор
Автор Донков, Славчо Александров
Авторска отговорност първи автор
R(LIN) 379873
139 ## - Редно поле
Редна дума Донков, Славчо Александров
Авторски знак Дон - Д 77
245 10 - Сведения за заглавието
Заглавие Пекни, пекни, слънце
Подзаглавни данни Кн. играчка : За предучилищна и нач. училищна възраст
Редно поле (дума) Славчо Александров Донков; нарис. Венелин Димитров Вълканов.
257 ## - Страна на издаване
Страна на създаване/издаване България
260 ## - Област на издателските данни
-- София
Име на издателя, разпространителя и проч. Отечество
Година на издаване 1987
300 ## - Физическа характеристика
Страници 64 с.
Илюстрации и др. с цв. ил.
Размери/Мащаб 33 см
380 ## - Жанр
Жанр Детска отраслова лит.
490 1# - СЕРИИ (Колекции)
Име на серия Поредица Сръчния Ежко
500 ## - Общи забележки
Забележка Офс. изд. - 95 117 тир.
650 #4 - Допълнително описание по предмет – тема
Основно описание – тема или топоним Книги-игри
9 (RLIN) 158798
650 #4 - Допълнително описание по предмет – тема
Основно описание – тема или топоним Детски игри
9 (RLIN) 241574
653 ## - Ключова дума – ненормативна
Ключова дума книги-игри
700 1# - Други автори (авторска отговорност)
Лично име Вълканов, Венелин Димитров
Автороска отговорност (Описва отношението между автора и произведението) нарис.
9 (RLIN) 366810
852 ## - Местоположение
Форматна сигнатура Цб ІІ 19282
856 4# - Електронен адрес и достъп
Електронен формат pdf - файл
Път до файла /url/
856 4# - Електронен адрес и достъп
Електронен формат pdf - файл
Път до файла /url/
942 ## - АРТИКУЛИ
Вид на библиотечния материал Книги
Скрит в OPAC Не
944 ## - СЪЗДАВАНЕ И РЕДАКЦИЯ на ЗАПИСА
Създаване/Редакция Създаване
Дата на регистрацията/редакция 30.12.2013
Статус, дата на статуса 30.12.2013 - от С1,Р / 30.12.2013
Служител, извършил регистрацията/редакцията Даниел_Канатов
944 ## - СЪЗДАВАНЕ И РЕДАКЦИЯ на ЗАПИСА
Създаване/Редакция Редакция
Дата на регистрацията/редакция 30.12.2013
Статус, дата на статуса 30.12.2013 - от С1,Р / 30.12.2013
Служител, извършил регистрацията/редакцията
999 ## - СИСТЕМНИ КОНТРОЛНИ НОМЕРА
Koha biblionumber 148842
Koha biblioitemnumber 148842
Наличности
Код за отписване Код за изгубен артикул Източник на класификационната схема Код за повреда Коз за рестрикции Код за отдаване Артикулен № Име на библиотеката - собственик Име на библиотеката, в която се намира в момента Статус (Текущо местоположение) Дата на вписване в системата Местоположение - отдел Цена в лева Инвентарен номер Систематично азбучна сигнатура Баркод Номер на екземпляра Цена в евро Служебна бележка Служебен тип на артикула
  Не е изгубен Universal Decimal Classification Не е повреден без рестрикции ползва се в читалня 248120 Регионална библиотека "Любен Каравелов" Русе Регионална библиотека "Любен Каравелов" Русе Хранилище 1987-01-01 Хранилище 1.30 478982 Цб ІІ 19282 120000478982 1 0.66 Дост: Dp Вид: Д N: стар фонд Дата: 01.01.1987 Книги
Изтеглен Не е изгубен Universal Decimal Classification Не е повреден без рестрикции заемане за дома 248121 Регионална библиотека "Любен Каравелов" Русе Регионална библиотека "Любен Каравелов" Русе Детски отдел 1987-01-01 Детски отдел 1.30 571814 ДН 79/Д 77 571814 2 0.66 Дост: Pk Вид: Ф N: стар фонд Дата: 01.01.1987 Дата инв: 26.08.2015 Бележки инв: Д2015 Книги
Изтеглен Не е изгубен Universal Decimal Classification Не е повреден без рестрикции заемане за дома 248122 Регионална библиотека "Любен Каравелов" Русе Регионална библиотека "Любен Каравелов" Русе Детски отдел 1987-01-01 Детски отдел 1.30 485147 ДН 79/Д 77 485147 3 0.66 Дост: Pk Вид: Ф N: стар фонд Дата: 01.01.1987 Дата инв: 26.08.2015 Бележки инв: Д2015 Книги
Vip Innovations Ltd, Rousse, Bulgaria 2025